| 000 | 01149nmm a2200313 a 4500 | ||
|---|---|---|---|
| 001 | ocm000754761 | ||
| 003 | TR-IsHL | ||
| 005 | 20201028140431.0 | ||
| 008 | 131212s1990 tu tur | ||
| 007 | cr cn | ||
| 020 | _a9789755200101 | ||
| 035 |
_a754761 _b(N$T) |
||
| 050 | 0 | 4 |
_aPL208 _b.A98 1990 |
| 090 | 0 | 4 |
_aPL208 _b.A98 1990 |
| 100 | 1 | _aAytaç, Gürsel | |
| 245 | 1 | 0 |
_aEdebiyat yazıları 1 _h[electronic resource] / _cGürsel Aytaç |
| 260 |
_aAnkara : _bGündogan Yayınları, _c1990 |
||
| 300 | _a480 p. | ||
| 650 | 4 | _aDil ve Edebiyat | |
| 650 | 4 | _aLanguage and Literature | |
| 650 | 0 |
_aTürk edebiyatı _x 20. yüzyıl _x Tarih ve eleştiri |
|
| 650 | 0 |
_aTurkey literature _x 20th century _x History and criticism. |
|
| 650 | 0 |
_aAlman edebiyatı _x 20. yüzyıl _x Tarih ve eleştiri |
|
| 650 | 0 |
_aGerman literature _x 20th century _x History and criticism. |
|
| 650 | 0 | _aEdebiyat, karşılaştırmalı | |
| 650 | 0 | _aLiterature, Comparative. | |
| 650 | 7 |
_aLITERARY CRITICISM / Comparative Literature * _2bisacsh |
|
| 856 | 4 | 0 | _uhttp://search.ebscohost.com/login.aspx?direct=true&scope=site&db=e011xww&AN=754761 |
| 999 |
_c7286 _d7286 |
||